000 00242nam a2200097Ia 4500
008 240625s9999 xx 000 0 und d
041 _aeng
082 _a808.20 PAN
100 _aPANDEY AMRITA
245 _aMARKET RESEARCH FOR ESSILOR INDIA AND WE
999 _c36815
_d36815